000 00620nam a2200229Ia 4500
003 OSt
005 20221006165020.0
006 a|||||r|||| 00| 0
007 ta
008 221006b |||||||| |||| 00| 0 eng d
024 _a3,379
037 _cTextual
040 _aFML
_cFML
_beng
041 _2eng
_aeng
082 _aNR44, L91 -; 1
100 _awade Bonnie C Au.
245 0 _aMusic in India
_b The Classical Tradition
260 _aDelhi
_bManohar Publication
_c1979
300 _a252
_ccm.
942 _hNR44, L91 -; 1
_cTEXL
_2CC
999 _c1119292
_d1119292